Sports Quiz

Random Sports or Basketball Quiz

College Basketball 2016-17 Week 3 AP Top 25 Quiz Stats

 Plays Quiz not verified by Sporcle

Score 0/25 Timer 10:00
0 Plays Today
Hint Answer % Correct
3North Carolina
98.5%
5Duke
96.9%
1Kentucky
95.4%
16Arizona
95.4%
4Kansas
93.8%
11UCLA
93.8%
9Baylor
90.8%
23Oregon
89.2%
6Virginia
87.7%
24Florida
87.7%
17Wisconsin
84.6%
2Villanova
83.1%
13Indiana
83.1%
Hint Answer % Correct
14Louisville
83.1%
8Gonzaga
78.5%
15Purdue
76.9%
20South Carolina
76.9%
10Creighton
72.3%
19Iowa State
72.3%
25West Virginia
72.3%
18Butler
70.8%
22Syracuse
70.8%
7Xavier
69.2%
12St. Mary's
49.2%
21Rhode Island
41.5%

You're not logged in!

Compare scores with friends on all Sporcle quizzes.
OR
Log In

You Might Also Like...

Show Comments

Extras

Top Quizzes Today


Score Distribution

Your Account Isn't Verified!

In order to create a playlist on Sporcle, you need to verify the email address you used during registration. Go to your Sporcle Settings to finish the process.

Report this User

Report this user for behavior that violates our Community Guidelines.

Details: